00423nam a2200145 i 450000100060000000300090000600500170001500700030003200800410003510000340007624500610011026000540017130000220022585200300024751646ES-MaACL20230906162412.0t|030814s1923 fr ||||1| fre d1 aChâteaubriant, Alphonse de.13aLa brière b: román / cAlphonse de Châteaubriant. aParis : b[s.n., c1923] (fImp. Artistique Luse) a424 p. ; c19 cm. aES-MaACLjF-5338 bR.4747